00515nam a2200193 a 4500001001300000003000900013005001700022008004100039020002300080082001700103100002200120245003600142260002800178300000900206500003500215505002300250650002600273700002200299nice12345678IN_TiNIC20260116014806.0100924s2010 jaia grp 000 0 eng  a9788183762335c75000a923.261bSIN aSingh, Om Prakash aSocial Vision of Mahatma Gandhi aJaipur bABD Pub c2010 a296p aincludes index and biblioraphy2 aBibliography,Index aGandhi-Social Service1 aSingh, Om Prakash